000 00535nam a2200157 i 4500
001 48975
003 ES-MaACL
007 t|
008 030703s1865 sp ||||1| spa d
100 1 _aCornellas, Clemente.
_940626
245 1 3 _aEl antigalicismo o sea Libro de lectura francesa, graduada y anotada, con el fin de evitar galicismos en la versión española /
_cClemente Cornellas.
260 _aMadrid :
_bPublicidad,
_c1865.
300 _aVIII, 401 p. ;
_c18 cm.
740 0 _aLibro de lectura francesa.
852 _aES-MaACL
_jC-968
999 _c48975
_d48975